[Event "29th Czech Open-Rapid 2018"]
[Site "Pardubice"]
[Date "2018.07.19"]
[Round "5"]
[White "Zaitsev, Alexander"]
[Black "Vinklarek, Ondrej"]
[Result "1-0"]
[WhiteElo "2335"]
[BlackElo "2122"]
[Annotator "NA"]
[PlyCount "71"]
[EventDate "2018.07.18"]
[EventType "swiss"]
[EventCountry "CZE"]
[SourceTitle "playchess.com"]
[Source "ChessBase"]
[SourceQuality "1"]
[TimeControl "900+10"]

1. e4 {[%emt 0:00:00]} c5 {[%emt 0:00:00]} 2. Nf3 {[%emt 0:00:00]} d6 {[%emt 0:00:00]} 3. d4 {[%emt 0:00:00]} cxd4 {[%emt 0:00:00]} 4. Qxd4 {[%emt 0:00:00]} Nc6 {[%emt 0:00:33]} 5. Bb5 {[%emt 0:00:00]} Bd7 {[%emt 0:00:57]} 6. Bxc6 {[%emt 0:00:00]} Bxc6 {[%emt 0:00:30]} 7. Nc3 {[%emt 0:00:00]} e5 {[%emt 0:01:25]} 8. Qd3 {[%emt 0:00:02]} Be7 {[%emt 0:00:21]} 9. O-O {[%emt 0:00:20]} g5 {[%emt 0:02:31]} 10. Nd2 {[%emt 0:00:44]} h5 {[%emt 0:00:41]} 11. Nc4 {[%emt 0:00:16]} Qc7 {[%emt 0:03:05]} 12. b4 {[%emt 0:02:11]} b6 {[%emt 0:02:35]} 13. Rd1 {[%emt 0:00:54]} O-O-O {[%emt 0:00:16]} 14. Ne3 {[%emt 0:03:50]} Nh6 {[%emt 0:00:03]} 15. Ncd5 {[%emt 0:00:48]} Qb7 {[%emt 0:00:05]} 16. a4 {[%emt 0:01:29]} Ng4 {[%emt 0:01:23]} 17. Nf5 {[%emt 0:00:36]} Bf8 {[%emt 0:01:31]} 18. c4 {[%emt 0:01:19]} Bxd5 {[%emt 0:00:50]} 19. cxd5 {[%emt 0:00:19]} f6 {[%emt 0:00:49]} 20. a5 {[%emt 0:00:18]} Nh6 {[%emt 0:00:15]} 21. axb6 {[%emt 0:00:19]} axb6 {[%emt 0:00:16]} 22. Ne3 {[%emt 0:00:27]} Be7 {[%emt 0:00:12]} 23. Nc4 {[%emt 0:00:06]} Kd7 {[%emt 0:00:07]} 24. Be3 {[%emt 0:00:05]} Ke8 {[%emt 0:00:10]} 25. Nxb6 {[%emt 0:01:18]} Kf7 {[%emt 0:00:02]} 26. Nc4 {[%emt 0:01:29]} Rhf8 {[%emt 0:00:23]} 27. Ra7 {[%emt 0:00:27]} Qb8 {[%emt 0:00:02]} 28. Na5 {[%emt 0:00:10]} Rc8 {[%emt 0:00:23]} 29. Nc6 {[%emt 0:00:54]} Rxc6 {[%emt 0:00:01]} 30. dxc6 {[%emt 0:00:00]} Ng4 {[%emt 0:00:07]} 31. Qd5+ {[%emt 0:00:09]} Kg6 {[%emt 0:00:07]} 32. Rxe7 {[%emt 0:00:27]} Qxb4 {[%emt 0:00:01]} 33. c7 {[%emt 0:00:15]} Qa4 {[%emt 0:00:04]} 34. h3 {[%emt 0:00:11]} Nh6 {[%emt 0:00:21]} 35. Rc1 {[%emt 0:00:02]} Rc8 {[%emt 0:00:10]} 36. Qb7 {[%emt 0:00:09]} 1-0

[Event "29th Czech Open-Rapid 2018"]
[Site "Pardubice"]
[Date "2018.07.19"]
[Round "5"]
[White "Turner, Jan"]
[Black "Petr, Jan"]
[Result "1-0"]
[WhiteElo "2332"]
[BlackElo "2099"]
[Annotator "NA"]
[PlyCount "47"]
[EventDate "2018.07.18"]
[EventType "swiss"]
[EventCountry "CZE"]
[SourceTitle "playchess.com"]
[Source "ChessBase"]
[SourceQuality "1"]
[TimeControl "900+10"]

1. b3 {[%emt 0:00:00]} Nf6 {[%emt 0:00:10]} 2. Bb2 {[%emt 0:00:00]} d5 {[%emt 0:00:25]} 3. Nf3 {[%emt 0:00:00]} c5 {[%emt 0:00:05]} 4. e3 {[%emt 0:00:00]} Nc6 {[%emt 0:00:08]} 5. Bb5 {[%emt 0:00:02]} a6 {[%emt 0:00:08]} 6. Bxc6+ {[%emt 0:00:02]} bxc6 {[%emt 0:00:01]} 7. Ne5 {[%emt 0:00:02]} Qc7 {[%emt 0:00:15]} 8. O-O {[%emt 0:00:06]} e6 {[%emt 0:00:01]} 9. f4 {[%emt 0:00:02]} a5 {[%emt 0:00:43]} 10. a4 {[%emt 0:00:01]} Ba6 {[%emt 0:01:40]} 11. d3 {[%emt 0:00:03]} O-O-O {[%emt 0:00:08]} 12. Nd2 {[%emt 0:00:15]} h5 {[%emt 0:00:35]} 13. Ndf3 {[%emt 0:01:04]} Bd6 {[%emt 0:01:34]} 14. Qe1 {[%emt 0:00:08]} Ng4 {[%emt 0:00:16]} 15. Bc3 {[%emt 0:00:55]} f6 {[%emt 0:01:04]} 16. Bxa5 {[%emt 0:00:02]} Qb7 {[%emt 0:00:05]} 17. Bxd8 {[%emt 0:00:12]} Rxd8 {[%emt 0:00:08]} 18. h3 {[%emt 0:00:55]} fxe5 {[%emt 0:00:13]} 19. hxg4 {[%emt 0:00:02]} exf4 {[%emt 0:00:02]} 20. exf4 {[%emt 0:00:04]} Bxf4 {[%emt 0:00:04]} 21. Qxe6+ {[%emt 0:00:20]} Kb8 {[%emt 0:00:01]} 22. Nd4 {[%emt 0:00:33]} Bd6 {[%emt 0:00:18]} 23. Rf7 {[%emt 0:00:56]} Qb6 {[%emt 0:00:22]} 24. a5 {[%emt 0:00:05]} 1-0

[Event "29th Czech Open-Rapid 2018"]
[Site "Pardubice"]
[Date "2018.07.19"]
[Round "5"]
[White "Sadhwani, Raunak"]
[Black "Hasangatin, Ramil"]
[Result "1-0"]
[WhiteElo "2322"]
[BlackElo "2470"]
[Annotator "TA"]
[PlyCount "183"]
[EventDate "2018.07.18"]
[EventType "swiss"]
[EventCountry "CZE"]
[SourceTitle "playchess.com"]
[Source "ChessBase"]
[SourceQuality "1"]

{[%evp 19,183,-42,-45,-54,16,20,18,18,18,18,77,74,62,-10,13,11,14,11,26,10,14,10,12,10,16,12,8,0,0,0,9,0,0,0,0,0,0,0,0,0,0,0,0,-89,-95,-93,-47,-57,-56,-50,-58,-28,0,0,43,49,50,46,51,-54,0,0,8,8,40,39,39,39,52,44,58,58,58,58,58,58,59,59,59,52,52,49,58,58,58,52,58,58,270,58,58,0,234,0,58,52,86,51,301,291,4125,3831,3695,3145,2134,0,1619,0,1799,661,1605,1587,1555,654,654,569,11626,1548,1376,923,11626,11626,11626,11626,29967,29968,29956,0,11626,11618,11618,11618,11618,11618,11618,11608,11593,11593,11691,11196,9216,2612,1315,0,9216,1992,1694,813,1117,1104,12282,11957,9327,12429,5925,2445,4919,1447,29971,29972,29971,29968,29941,715,29979,29978]} 1. e4 d5 2. exd5 Qxd5 3. Nf3 Bg4 4. Be2 Nc6 5. d4 O-O-O 6. c3 e5 7. O-O exd4 8. Nxd4 Bxe2 9. Qxe2 Nxd4 10. cxd4 Qxd4 11. Nc3 {C44: Ponziani Opening and Scotch Gambit} Bd6 (11... Nf6 $15) 12. Nb5 $11 Qe5 {[%csl Gd6][%cal Re5h2] [#]} 13. Nxd6+ {The position is equal.} Qxd6 14. Qg4+ Kb8 $146 (14... Qe6 $11 15. Qxg7 Ne7) ({Predecessor:} 14... Qe6 15. Qa4 Kb8 16. Be3 b6 17. Rac1 Ne7 18. Rxc7 Kxc7 19. Qxa7+ Kd6 20. Bf4+ Kd5 {½-½ (20) Petronijevic,Z (2375)-Stojanovic,M (2355) Nis 1995}) 15. Qxg7 $16 Nf6 16. Qg3 (16. Qxf7 $14 Rdf8 17. Qc4) 16... Rhg8 17. Qxd6 Rxd6 18. Bf4 Rb6 19. b3 Nd5 20. Bg3 Re6 21. Rac1 Kc8 22. Rfd1 Rd8 23. h3 c6 24. Re1 Rde8 25. Red1 Kd7 26. Rc4 Re1+ 27. Rxe1 Rxe1+ $11 {[%mdl 4096] Endgame KRB-KRN} 28. Kh2 Re2 29. Rh4 Rxa2 30. Rxh7 Ke6 31. Rg7 (31. h4 $11) 31... Rb2 $17 32. h4 Rxb3 33. h5 Nf6 34. h6 Rb5 {Hoping for ...Rh5+.} 35. Bf4 Rh5+ 36. Kg1 $1 a5 37. g4 Rh4 {aiming for ...a4.} 38. f3 $1 a4 39. Bc1 (39. Rg5 $1 $14 Nh7 40. Ra5) 39... a3 (39... b5 $15 40. Kg2 b4) 40. Bxa3 $11 Rxh6 41. g5 $1 {[%csl LRf6,LRh6]} Rh3 42. gxf6 Rxf3 $14 {KRB-KR} 43. Be7 b6 44. Rg8 Rc3 45. Rb8 b5 46. Kf2 Rc4 47. Ke3 Kf5 48. Kd3 Ke6 49. Rb7 Kf5 50. Ra7 Kg6 51. Rc7 Kf5 52. Rb7 Kg6 53. Bd8 Rc1 $2 (53... Rg4 $14) 54. Kd2 $2 (54. Ke4 $18) 54... Rc4 {Strongly threatening ...Rd4+.} 55. Kd3 $2 (55. Ke2 $14) 55... Rc1 $1 $18 {[%cal Rc1d1] ...Rd1+ is the strong threat.} 56. Be7 $2 (56. Ke4 $18) 56... Rc4 $1 $14 57. Ra7 Rc1 58. Ra2 {Threatens to win with Ke4.} Rc4 $2 {[#]} (58... Kf5 $1 $14) 59. Rf2 $1 $18 {[%cal Rf2f1]} Rc1 $2 (59... Kg5 60. Bd6 Rg4) 60. Kd4 Re1 61. Kc5 Rc1+ 62. Kd4 $2 (62. Kd6 $18 {Black must now prevent Kd7.} b4 63. Kd7) 62... Rd1+ $2 {[%mdl 8192]} (62... Re1 $11 63. Rc2 c5+ 64. Rxc5 Rb1) 63. Kc5 Rc1+ 64. Kb6 (64. Kd6 $142 b4 65. Ke5) 64... Rc4 65. Kc7 b4 66. Rb2 (66. Rg2+ $142 Kf5 67. Kd7) 66... c5 67. Kd7 Rh4 68. Rg2+ (68. Bxc5 $142 Rh5 69. Be7) 68... Kf5 69. Rf2+ Kg6 70. Bxc5 b3 71. Be7 Rc4 72. Rg2+ Kf5 73. Rf2+ (73. Rb2 $142 Ra4 74. Rxb3 Ra8 75. Rh3 Kg6 76. Rg3+ Kf5 77. Rg2 Rb8 78. Bd8) 73... Kg6 $1 74. Rb2 Rc3 75. Kd6 Kf5 76. Kd5 Rd3+ 77. Kc4 Rd1 78. Rxb3 Ke6 79. Re3+ Kf5 80. Kc5 Rd2 81. Kc4 Rd1 $1 82. Rd3 Ra1 83. Rf3+ Ke6 84. Kd4 Rd1+ 85. Ke4 Re1+ 86. Kf4 Rd1 87. Re3+ Kd5 88. Kg5 Rg1+ 89. Kh6 Kd4 90. Re2 Kd3 91. Re5 (91. Ra2 $142 Rg6+ 92. Kh5 Rg1 93. Ra4 Rh1+ 94. Kg5 Kc3 95. Bd6 Kd3 96. Ra7) 91... Kd4 92. Rg5 {Precision: White = 48%, Black = 29%.} 1-0

[Event "29th Czech Open-Rapid 2018"]
[Site "Pardubice"]
[Date "2018.07.19"]
[Round "5"]
[White "Westerinen, Heikki Mj"]
[Black "Manik, Mikulas"]
[Result "0-1"]
[WhiteElo "2312"]
[BlackElo "2457"]
[Annotator "TA"]
[PlyCount "108"]
[EventDate "2018.07.18"]
[EventType "swiss"]
[EventCountry "CZE"]
[SourceTitle "playchess.com"]
[Source "ChessBase"]
[SourceQuality "1"]

{[%evp 14,108,-9,-11,0,-2,0,0,0,0,0,0,6,0,0,0,0,0,0,0,0,-27,0,0,-5,-120,0,0,0,0,0,-43,-29,-48,-28,-33,-23,-26,0,-20,-23,-18,-25,-77,-6,-36,1,-39,-27,-83,-83,-82,-84,-80,-81,-82,28,-5,0,-56,-53,-505,-515,-510,-510,-490,-475,-874,-358,-1067,-445,-880,-985,-764,-836,-1014,-1064,-1112,-910,-985,-925,-875,-783,-1337,-1161,-1955,-1925,-1910,-1419,-933,-1402,-1312,-1235,-29984,-29985,-29985,-29986]} 1. e4 c5 2. Nf3 d6 3. Nc3 Nf6 4. e5 dxe5 5. Nxe5 a6 6. g3 {B50: Sizilianisch (Verschiedenes mit 2...d6)} Nbd7 (6... Qc7 7. d4 cxd4 8. Qxd4 Nc6 9. Nxc6 Qxc6 10. Bg5 e6 11. Bxf6 gxf6 12. Qxf6 Rg8 13. O-O-O Be7 {½-½ (98) Artemiev,V (2691)-Mamedov,R (2709) Huaian 2017}) 7. Nc4 b5 8. Bg2 {LiveBook: 6 Partien. Die Stellung ist ausgeglichen.} Ra7 (8... Rb8 $5 9. Ne3 $8 e6 $11) 9. Ne3 e6 10. O-O Bb7 $146 ({Vorgänger:} 10... Be7 11. b3 O-O 12. a4 b4 13. Ne2 Bb7 14. Bxb7 Rxb7 {1-0 (81) Jones,G (2447)-Shytaj,L (2356) Heraklio 2004}) 11. d3 Bxg2 12. Kxg2 Be7 13. a4 b4 14. Ne4 O-O 15. Nc4 Nb6 16. Nxb6 Qxb6 17. Qf3 b3 18. c3 Rd7 19. Bg5 (19. Nxf6+ $11 {bleibt in der Remisbreite.} Bxf6 20. Be3) 19... Nd5 (19... Nxe4 $17 20. Bxe7 Nd2) 20. Bxe7 $11 Nxe7 21. Rfd1 Rfd8 22. Qe3 Rd5 23. Rd2 Nf5 24. Qf3 Kh8 25. Ng5 R5d7 26. Qh5 {[%csl Gg5][%cal Rh5h7]} Qb7+ 27. Kg1 {[%csl Gg5][%cal Rh5h7]} h6 $36 {[%mdl 2048] Droht stark ...Sd6. Schwarz hat Initiative.} 28. Rad1 {[#]} (28. Ne4 $11 Rd5 29. Qe2) 28... Kg8 (28... c4 $1 $17 {[%cal Rc4d3][%mdl 512]} 29. g4 (29. dxc4 Rxd2) 29... Nd6) 29. Ne4 (29. Nf3 {seems wilder.} Qd5 30. h3 f6 31. h4 Rd6 32. d4) 29... Qc6 30. Qg4 {Droht Sf6+ und aus.} (30. g4 $5 {[%cal Rg4f5]} Ne7 31. Qxc5 $14) 30... Kh8 31. Qf3 (31. Qh5 $11) 31... Nd6 $17 {Und weiter mit ...Sxe4 wäre nett.} 32. Re2 Nxe4 33. Rxe4 {[#]} c4 $1 {[%mdl 512]} 34. d4 (34. dxc4 Rxd1+) 34... e5 (34... Qxa4 $17 35. Rb1 Kg8) 35. a5 Qb5 36. Qe2 (36. Rxe5 $11 Qxe5 37. dxe5 Rxd1+ 38. Kg2) 36... exd4 $15 37. Re8+ $2 {[%mdl 8192]} ({Besser ist} 37. cxd4 $15 f6 38. Re8+ Kh7 39. Rxd8 Rxd8 40. d5) 37... Rxe8 $1 $19 38. Qxe8+ {[%mdl 4096] Endspiel KDT-KDT} Kh7 39. Qe4+ f5 40. Qe6 {[#]} dxc3 $1 {[%cal Bd4c3,Bc3c2][%mdl 544]} 41. Rxd7 (41. bxc3 Rxd1+) 41... c2 42. Rxg7+ Kxg7 {KD-KD} 43. Qe7+ {[#]} Kg8 $1 44. Qe6+ {[#]} Kf8 $1 45. Qf6+ Ke8 46. Qe6+ Kd8 47. Qf6+ Kc7 48. Qe7+ Qd7 49. Qc5+ Qc6 {[%cal Rc2c1]} 50. Qe7+ Kb8 51. Qd8+ Qc8 52. Qd6+ Qc7 53. Qf8+ Ka7 54. Qxh6 f4 {Precision: Weiß = 48%, Schwarz = 58%.} 0-1

[Event "29th Czech Open-Rapid 2018"]
[Site "Pardubice"]
[Date "2018.07.19"]
[Round "5"]
[White "Maltsevskyay, Aleksandra"]
[Black "Dimitrov, Dejan"]
[Result "1-0"]
[WhiteElo "2297"]
[BlackElo "2102"]
[Annotator "NA"]
[PlyCount "123"]
[EventDate "2018.07.18"]
[EventType "swiss"]
[EventCountry "CZE"]
[SourceTitle "playchess.com"]
[Source "ChessBase"]
[SourceQuality "1"]
[TimeControl "900+10"]

1. c4 {[%emt 0:00:00]} e5 {[%emt 0:00:00]} 2. Nc3 {[%emt 0:00:00]} Nc6 {[%emt 0:00:00]} 3. g3 {[%emt 0:00:10]} Bc5 {[%emt 0:00:00]} 4. Bg2 {[%emt 0:00:02]} a6 {[%emt 0:00:04]} 5. e3 {[%emt 0:00:05]} Nge7 {[%emt 0:00:04]} 6. Nge2 {[%emt 0:00:02]} d6 {[%emt 0:00:10]} 7. O-O {[%emt 0:01:14]} O-O {[%emt 0:00:08]} 8. a3 {[%emt 0:00:48]} Ba7 {[%emt 0:00:18]} 9. b4 {[%emt 0:00:15]} Rb8 {[%emt 0:00:58]} 10. d4 {[%emt 0:00:18]} exd4 {[%emt 0:00:47]} 11. exd4 {[%emt 0:00:15]} Nf5 {[%emt 0:01:41]} 12. c5 {[%emt 0:00:26]} dxc5 {[%emt 0:02:17]} 13. dxc5 {[%emt 0:00:04]} Ncd4 {[%emt 0:02:14]} 14. Nd5 {[%emt 0:03:22]} Nxe2+ {[%emt 0:01:23]} 15. Qxe2 {[%emt 0:00:02]} c6 {[%emt 0:00:35]} 16. Nc3 {[%emt 0:00:59]} Nd4 {[%emt 0:01:42]} 17. Qd1 {[%emt 0:00:16]} Be6 {[%emt 0:01:04]} 18. Bf4 {[%emt 0:00:15]} Bb3 {[%emt 0:00:58]} 19. Qd3 {[%emt 0:00:55]} Ne6 {[%emt 0:01:02]} 20. Bd6 {[%emt 0:00:35]} Rc8 {[%emt 0:01:28]} 21. Rab1 {[%emt 0:00:42]} Bxc5 {[%emt 0:00:51]} 22. bxc5 {[%emt 0:00:13]} Nxc5 {[%emt 0:00:02]} 23. Qd4 {[%emt 0:00:07]} Ne6 {[%emt 0:00:21]} 24. Qe5 {[%emt 0:00:39]} f6 {[%emt 0:00:17]} 25. Qe3 {[%emt 0:00:07]} Qxd6 {[%emt 0:00:11]} 26. Rxb3 {[%emt 0:00:02]} Nc5 {[%emt 0:00:26]} 27. Rd1 {[%emt 0:01:40]} Qe5 {[%emt 0:00:10]} 28. Qxe5 {[%emt 0:00:16]} fxe5 {[%emt 0:00:02]} 29. Rb2 {[%emt 0:00:09]} Rc7 {[%emt 0:00:12]} 30. Re2 {[%emt 0:00:15]} Re7 {[%emt 0:00:21]} 31. Ne4 {[%emt 0:01:04]} Ne6 {[%emt 0:00:09]} 32. Nd6 {[%emt 0:00:13]} Nc5 {[%emt 0:00:13]} 33. Rc1 {[%emt 0:00:30]} Nb3 {[%emt 0:00:10]} 34. Rce1 {[%emt 0:00:24]} Rd8 {[%emt 0:00:07]} 35. Nf5 {[%emt 0:00:40]} Ree8 {[%emt 0:00:10]} 36. h4 {[%emt 0:00:07]} g6 {[%emt 0:00:05]} 37. Nh6+ {[%emt 0:00:19]} Kg7 {[%emt 0:00:03]} 38. Ng4 {[%emt 0:00:01]} Nd4 {[%emt 0:00:10]} 39. Rxe5 {[%emt 0:00:17]} Rxe5 {[%emt 0:00:14]} 40. Rxe5 {[%emt 0:00:02]} h5 {[%emt 0:00:13]} 41. Ne3 {[%emt 0:00:10]} Kf6 {[%emt 0:00:10]} 42. Re4 {[%emt 0:00:32]} Ne2+ {[%emt 0:00:12]} 43. Kh2 {[%emt 0:00:02]} Nc3 {[%emt 0:00:08]} 44. Rf4+ {[%emt 0:00:38]} Kg7 {[%emt 0:00:07]} 45. g4 {[%emt 0:00:05]} hxg4 {[%emt 0:00:15]} 46. Rxg4 {[%emt 0:00:03]} Kh6 {[%emt 0:00:11]} 47. Rg3 {[%emt 0:00:30]} Ne2 {[%emt 0:00:10]} 48. Rf3 {[%emt 0:00:10]} Kg7 {[%emt 0:00:05]} 49. Bf1 {[%emt 0:00:44]} Nd4 {[%emt 0:00:03]} 50. Rg3 {[%emt 0:00:03]} Rh8 {[%emt 0:00:15]} 51. Kh3 {[%emt 0:00:16]} Ne6 {[%emt 0:00:09]} 52. Rg4 {[%emt 0:01:09]} Kf6 {[%emt 0:00:05]} 53. Bc4 {[%emt 0:00:16]} Nc5 {[%emt 0:00:19]} 54. f3 {[%emt 0:00:20]} b5 {[%emt 0:00:05]} 55. Ba2 {[%emt 0:00:12]} Nd3 {[%emt 0:00:11]} 56. Rd4 {[%emt 0:00:10]} Ne5 {[%emt 0:00:09]} 57. Rd6+ {[%emt 0:00:02]} Kg7 {[%emt 0:00:07]} 58. f4 {[%emt 0:00:08]} Nf3 {[%emt 0:00:04]} 59. Rd7+ {[%emt 0:00:08]} Kf8 {[%emt 0:00:17]} 60. Kg3 {[%emt 0:00:03]} Nxh4 {[%emt 0:00:09]} 61. Rd8+ {[%emt 0:00:15]} Kg7 {[%emt 0:00:05]} 62. Rxh8 1-0

[Event "29th Czech Open-Rapid 2018"]
[Site "Pardubice"]
[Date "2018.07.19"]
[Round "5"]
[White "Kulkarni, Chinmay"]
[Black "Mirzoev, Emil"]
[Result "0-1"]
[WhiteElo "2290"]
[BlackElo "2480"]
[Annotator "TA"]
[PlyCount "160"]
[EventDate "2018.07.18"]
[EventType "swiss"]
[EventCountry "CZE"]
[SourceTitle "playchess.com"]
[Source "ChessBase"]
[SourceQuality "1"]

{[%evp 19,160,0,10,0,0,0,0,0,0,0,0,0,0,0,0,0,8,7,7,-1,0,0,0,-19,0,-31,12,-81,-70,-61,-60,-102,-52,-89,-59,-66,-8,-64,-25,-44,0,0,0,0,32,16,35,23,38,0,0,0,0,0,0,0,0,0,8,0,0,0,491,487,579,595,807,639,622,617,563,197,598,0,0,0,841,833,838,740,763,740,653,603,1141,1162,1036,1069,1018,954,2531,1969,3187,2645,2658,2567,2464,2454,3873,3314,2529,0,0,0,0,-63,-63,-63,-18,-18,-18,-133,-74,-132,-58,-59,-59,-59,-36,-83,-83,-383,-374,-374,-133,-368,-383,-12799,-12799,-12800,-12799,-12798,-12797,-12793,-12381,-7085,-7175,-5605,-376,-5547,-4630,-29985,-29986]} 1. e4 c5 2. Nf3 e6 3. d4 cxd4 4. Nxd4 Nc6 5. Nc3 Qc7 6. f4 a6 7. Nxc6 bxc6 8. Bd3 d5 9. O-O Nf6 10. Qf3 {B46: Sizilianisch (Paulsen/Taimanow-Variante)} Be7 {LiveBook: 16 Partien} 11. Bd2 Bb7 12. e5 $146 {Die Stellung ist ausgeglichen.} ({Vorgänger:} 12. Rae1 O-O 13. e5 Nd7 14. Qh3 g6 15. f5 exf5 16. Rxf5 Nc5 17. Rf3 Rae8 18. Qh6 Bc8 19. b3 Nxd3 20. cxd3 Bc5+ {0-1 (20) Nyysti,S (2344)-Ehlvest,J (2596) Jyvaskyla 2012}) 12... Nd7 13. Na4 c5 14. c4 d4 15. Be4 Rb8 16. b3 Bxe4 17. Qxe4 Qb7 18. Qxb7 Rxb7 19. Nb2 f5 20. exf6 gxf6 21. Nd3 Kf7 22. Rae1 Bd6 (22... a5 {with more complications.} 23. Rf2 Ra8 24. f5 e5 25. Rf3 a4) 23. Ne5+ (23. f5 $11 e5 24. Rf3) 23... Bxe5 $17 24. fxe5 f5 25. Kh1 {Schwarz sollte g4 verhindern.} Rg8 26. Rf4 Rg6 27. h3 Kg7 (27... Rg3 $15) 28. Ba5 (28. b4 $11) 28... h5 29. Rh4 Nb8 30. Rxh5 Nc6 31. Bd2 Rg3 32. Bf4 Rc3 33. Rh6 Re7 34. Bg5 Re8 35. Rh4 $36 {[%mdl 2048] Weiss steht aktiver.} Rc2 36. Bf6+ Kg6 37. g4 $1 {[%cal Rg4f5]} d3 ({Ein No Go ist} 37... Rxa2 $6 38. gxf5+ exf5 39. Rg1+ Kf7 40. Rh6 $16) 38. g5 {Droht Matt per Th6+.} Rg8 39. Rh6+ Kf7 40. Rh7+ Ke8 $2 {[%mdl 8192]} (40... Kg6 $11 {und Schwarz ist OK.} 41. Rh6+ Kf7) 41. Rd1 $18 d2 {...Tc1 ist eine echte Drohung.} 42. Kg2 Rxa2 43. Rc7 Nd4 {beabsichtigt ...f4.} 44. h4 Ne2 {Droht stark ...Sc3.} 45. h5 $2 (45. Re7+ Kf8 46. Rd7) 45... Nc3 $2 (45... Nf4+ {ist eine bessere Chance.} 46. Kf3 Nxh5) 46. g6 $2 (46. Rc8+ $18 Kd7 47. Rxg8 Nxd1 48. Rd8+ Kc7 49. Kf3) 46... Nxd1 $11 47. Re7+ Kd8 $2 {[%mdl 8192]} (47... Kf8 $11 48. Rf7+ Ke8 49. Re7+ Kf8 50. Rf7+ Ke8 51. Re7+) 48. Rg7+ $18 Kc8 49. Rxg8+ {[%mdl 4096] Endspiel KTL-KTS} Kc7 50. Kf3 Ne3 51. Rd8 Nd5 52. Rxd5 $1 exd5 {KT-KL} 53. Ke2 f4 54. Bh4 dxc4 55. bxc4 f3+ 56. Kd1 Ra1+ 57. Kxd2 Rg1 58. Ke3 Kd7 59. Kxf3 Ke6 60. Bf2 $2 (60. Bf6 $18 a5 61. g7 (61. h6 $2 Rxg6 62. Bg7 Rg1 $19)) 60... Rg5 $11 {Und ...Tf5+ würde nun gewinnen.} 61. Bxc5 Rxh5 62. Bd6 (62. g7 $1 $11 Kf7 63. Bd4 Kxg7 64. Ke4) 62... Rg5 $15 63. Ke3 Rxg6 {Und weiter mit ...a5 wäre nett.} 64. Kd4 $1 Rg1 (64... a5 $5 65. Kc5 $8 Rg7 $11) 65. Bc7 (65. Kc5 $1 $11) 65... Kd7 $1 $17 {[%cal Rd7c7]} 66. Ba5 {[#]} (66. Bd6 $142) 66... Ra1 ({Lieber} 66... Kc6 $1 $17 {zielt auf ...Tg4+ ab.} 67. Bb4 Rd1+ 68. Kc3 Kd7) 67. Bc3 $15 Rc1 68. Bb4 Rb1 69. Bc3 Kc6 70. c5 $2 {[%mdl 8192]} (70. Bd2 $17 {ist wohl besser.}) 70... Rh1 $19 71. e6 {[#]} Rh5 $2 (71... Rh2 $1 $19 {bietet bessere Gewinnchancen. Droht ...Te2 und aus.} 72. Ke5 Kxc5) 72. e7 $2 (72. Ba5 $17 {war die einzige Verteidigung.}) 72... Kd7 73. c6+ $2 (73. Bb4 Rh4+ 74. Kc3 Kxe7 75. c6+ Kd8 76. Bd6) 73... Kxe7 74. Bb4+ Kd8 75. Bd6 Kc8 76. Kc4 Rb5 77. Bf4 Rb2 78. Bd6 Rc2+ $2 (78... a5 79. Ba3 Rb1) 79. Kd5 $2 (79. Kb4) 79... a5 {( -> ...Td2+)} 80. c7 Rd2+ {Precision: Weiß = 37%, Schwarz = 49%.} 0-1

[Event "29th Czech Open-Rapid 2018"]
[Site "Pardubice"]
[Date "2018.07.19"]
[Round "5"]
[White "Meleshko, Vladimir"]
[Black "Lalic, Bogdan"]
[Result "0-1"]
[WhiteElo "2284"]
[BlackElo "2504"]
[Annotator "TA"]
[PlyCount "120"]
[EventDate "2018.07.18"]
[EventType "swiss"]
[EventCountry "CZE"]
[SourceTitle "playchess.com"]
[Source "ChessBase"]
[SourceQuality "1"]

{[%evp 11,120,-30,45,0,4,-33,26,15,75,67,65,44,43,31,47,21,65,64,60,-158,-160,-147,-156,-158,-110,-102,-100,-105,-111,-112,-105,-145,-127,-141,-94,-100,-76,-102,-109,-112,-106,-92,-105,-119,-116,-268,-266,-261,-262,-273,-226,-259,-261,-250,-251,-271,-250,-310,-325,-339,-322,-339,-275,-562,-225,-274,-254,-243,-52,-53,-46,-256,-103,-290,-288,-510,-350,-343,-249,-289,-239,-391,-380,-519,-238,-231,-228,-278,-261,-265,-275,-426,-434,-568,-547,-805,-781,-844,-748,-1553,-1452,-1271,-822,-4606,-4589,-4738,-4598,-4589,-4582,-4582,-4582]} 1. e4 c5 2. Nf3 Nc6 3. d4 cxd4 4. Nxd4 Qb6 5. Nb3 Nf6 6. Be3 {B32: Sizilianisch (Löwenthal-Variante)} (6. Nc3 e6 7. Bd3 d6 8. Be3 Qc7 9. f4 a6 10. Qf3 Be7 11. g4 b6 12. O-O-O Nd7 13. Kb1 Nc5 14. g5 Bd7 15. Qf2 Nb4 16. Bd4 Rg8 17. Rhe1 Nbxd3 18. cxd3 O-O-O 19. Rc1 {½-½ (41) Ragger,M (2656)-Movsesian,S (2677) Linares 2017}) 6... Qc7 {LiveBook: 5 Partien} (6... Qb4+ $11 7. N1d2 Nxe4) 7. f3 e6 8. c4 {Die Stellung ist ausgeglichen.} Ne5 $146 ({Besser ist} 8... Bb4+ $15 9. Nc3 O-O) ({Vorgänger:} 8... Bb4+ 9. Nc3 O-O 10. Be2 d5 11. O-O dxe4 12. fxe4 Bd6 13. h3 Bh2+ {0-1 (81) Reutsky,S (2360)-Haznedaroglu,K (2440) Olomouc 2007}) 9. Qd4 $11 d6 (9... Nc6 $11 {bleibt in der Remisbreite.} 10. Qd2 b6) 10. Nc3 $16 a6 11. Rc1 Be7 12. Be2 O-O 13. O-O Nfd7 14. Rfd1 b6 15. Nd2 $2 (15. Qd2 $14 {bleibt weiter vorne.}) 15... Bf6 $1 $17 {...Sxf3+! ist eine echte Drohung.} 16. Kh1 {[#]} Nxf3 $1 {[%mdl 512]} 17. Qd3 (17. Nxf3 Bxd4) 17... Nde5 18. Qc2 Nxd2 19. Qxd2 Rd8 20. Na4 Rb8 21. Qb4 {[%cal Re3b6]} Qc6 22. Bf3 Nxf3 23. gxf3 {[%cal Ra4b6]} b5 24. cxb5 Qxb5 25. Qxb5 axb5 26. Nb6 Bxb2 27. Rb1 Bf6 28. Rxb5 $2 {[#]} (28. Rdc1 $17) 28... Ba6 $1 $19 {[%cal Ra6b5]} 29. Rb4 Be2 30. Rc1 Bxf3+ 31. Kg1 d5 32. exd5 exd5 {[%cal Be6d5,Bd5d4,Bd4d3][%mdl 32]} 33. a4 d4 34. Bf4 Rb7 {Und weiter mit ...d3 wäre nett.} 35. a5 d3 36. Kf2 Be2 37. Ke1 $2 (37. Bd2 {ist wohl besser.} Ra7 38. Rbc4) 37... Ra7 (37... Bg4 $142 38. Re4 Bf5) 38. Nc4 h6 39. Be3 Bg5 $2 (39... Raa8 $19 40. Rb6 Re8) 40. Bxa7 $15 {Schwarz muss nun Tcb1 beachten.} Bxc1 41. Nd2 $2 (41. Be3 $15 Bxe3 42. Nxe3) 41... Ba3 (41... Rd5 $19 42. Be3 Re5) 42. Rb3 $2 (42. Ra4 $17 Bc1 43. Be3) 42... Bd6 $19 43. Bg1 $2 (43. Kf2) 43... Ra8 44. Nc4 Bc7 45. Ra3 {und die Idee a6 ließe Weiss weiter hoffen.} Ra6 46. Kd2 $2 (46. Bb6 Bxh2 47. Kf2) 46... g5 47. h3 f5 (47... Rc6 $142 48. Rc3 {[#]} Rxc4 $1 {[%mdl 512]} 49. Rxc4 Bxa5+ 50. Rc3 f5) 48. Bb6 Bf4+ 49. Ke1 g4 50. hxg4 fxg4 51. Ne3 (51. Nb2 $142 Bg3+ 52. Kd2) 51... h5 {[%cal Bh6h5,Bh5h4,Bh4h3,Bh3h2][%mdl 32] Schwarz steht klar auf Gewinn.} 52. Nd5 Bg3+ 53. Kd2 h4 54. Nf6+ Kf7 55. Nxg4 Bxg4 56. Rxd3 Bf5 57. Rd8 h3 58. Rh8 h2 59. Ke3 Be5 60. Rh5 Kg6 {Precision: Weiß = 29%, Schwarz = 46%.} 0-1